Historia del taxi y del carburante GLP en España /
Uloženo v:
| Hlavní autor: | |
|---|---|
| Médium: | Elektronický zdroj E-kniha |
| Jazyk: | španělština |
| Vydáno: |
Madrid :
De Buena Tinta,
[2015]
|
| Vydání: | Primera edición en De Buena Tinta. |
| Témata: | |
| On-line přístup: | Digitalia Hispánica |
| Tagy: |
Přidat tag
Žádné tagy, Buďte první, kdo vytvoří štítek k tomuto záznamu!
|
MARC
| LEADER | 00000nam a2200000 i 4500 | ||
|---|---|---|---|
| 001 | DIGLANTIA0032 | ||
| 003 | NyNyDIG | ||
| 007 | cr ||||||||||| | ||
| 008 | 230828s2015 sp a o 000 0 spa d | ||
| 006 | m o d | ||
| 035 | |a (OCoLC)1395569274 | ||
| 040 | |a DGITA |b eng |e rda |e pn |c DGITA | ||
| 020 | |a 9788494416965 |q eBook | ||
| 020 | |z 9788494416941 | ||
| 043 | |a e-sp--- | ||
| 050 | 1 | 4 | |a HE5681 ebook |
| 100 | 1 | |a Fortes Iglesias, Gonzalo, |e author. | |
| 245 | 1 | 0 | |a Historia del taxi y del carburante GLP en España / |c Gonzalo Fortes Iglesias. |
| 250 | |a Primera edición en De Buena Tinta. | ||
| 264 | 1 | |a Madrid : |b De Buena Tinta, |c [2015] | |
| 300 | |a 1 online resource : |b illustrations. | ||
| 336 | |a text |b txt |2 rdacontent | ||
| 337 | |a computer |b c |2 rdamedia | ||
| 338 | |a online resource |b cr |2 rdacarrier | ||
| 347 | |a text file |2 rdaft | ||
| 347 | |b EPUB | ||
| 588 | 0 | |a Online resource; title from PDF title page (Digitalia, viewed August 28, 2023) | |
| 650 | 0 | |a Taxicabs |z Spain |x History. | |
| 650 | 0 | |a Liquefied petroleum gas |z Spain. | |
| 791 | 2 | |a Digitalia (Firm), |e distributor. | |
| 793 | 0 | |g Digitalia eBook Collection: |a Lantia | |
| 776 | 0 | 8 | |i Print version: |a Fortes Iglesias, Gonzalo. |t Historia del taxi y del carburante GLP en España. |d Madrid : De Buena Tinta, [2015] |z 9788494416941 |
| 856 | 4 | 0 | |3 Digitalia Hispánica |u https://digitalia.unach.elogim.com/a/87572/ |
| 910 | |a Premium collection: 2023 | ||